000 00484nam a22001697a 4500
999 _c62257
_d62257
005 20240906124410.0
008 240906c2005 enk||||| |||| 00| 0 eng d
022 _a0017 8322
041 _aeng
245 _aHastings Law Journal :
_b2005 /
_cEditor J. Stanley.
260 _aCalifornia,
_c2005.
300 _aV.
653 _a სამართალი
653 _aპერიოდიკა
700 _aStanley, J.
_eრედაქტორი
_923172
942 _2udc
_cCR